LEADER 01740nas 2200577-a 450 001 996213062303316 005 20230227213019.0 035 $a(OCoLC)335214840 035 $a(CKB)1000000000717878 035 $a(CONSER)--2010243417 035 $a(DE-599)ZDB2494772-6 035 $a(MiFhGG)5UBK 035 $a(MiAaPQ)3933188 035 $a(EXLCZ)991000000000717878 100 $a20081121a20099999 --- a 101 0 $aeng 135 $aurcn||||a|||| 181 $ctxt$2rdacontent 182 $cc$2rdamedia 183 $acr$2rdacarrier 200 00$aClinical epidemiology 210 $a[Auckland, N.Z.] $cDove Medical Press$dİ2009- 215 $a1 online resource 300 $aRefereed/Peer-reviewed 300 $aArchived by the National Library of New Zealand. 300 $aHypertext links contained in the archived instances of this title are non-functional.$5Nz 311 $a1179-1349 531 $aClin Epidemiol 531 1 $aClin. epidemiol. 531 10$aClin Epidemiol 606 $aEpidemiology$vPeriodicals 606 $aClinical epidemiology$vPeriodicals 606 $aEpidemiology 606 $aEpidemiology$2fast$3(OCoLC)fst00914091 606 $aClinical epidemiology$2fast$3(OCoLC)fst00864353 608 $aPeriodical. 608 $aFulltext. 608 $aInternet Resources. 608 $aPeriodicals. 608 $aPeriodicals.$2fast 610 $aEpidemiology & Epidemics 615 0$aEpidemiology 615 0$aClinical epidemiology 615 12$aEpidemiology. 615 7$aEpidemiology 615 7$aClinical epidemiology. 676 $a614.405 906 $aJOURNAL 912 $a996213062303316 996 $aClinical epidemiology$9228574 997 $aUNISA LEADER 01073nam a2200253 i 4500 001 991000433489707536 008 091113s2008 it b 001 0 ita 020 $a9788880635789 035 $ab13856546-39ule_inst 040 $aDip.to Studi Giuridici$bita 082 0 $a322.10947 100 1 $aRamet, Sabrina P.,$d1949-$0472014 245 12$aL'Europa centro-orientale tra religione e politica :$bcattolici, ortodossi e nuovi ordini missionari dopo il 1989 /$cSabrina P. Ramet 260 $aRavenna :$bLongo,$c2008 300 $a208 p. ;$c24 cm 440 0$aEurope and the Balkans international network ;$v29 504 $aInclude riferimenti bibliografici 650 4$aReligione e politica$zEuropa centro-orientale$d1989-2004 907 $a.b13856546$b28-01-14$c13-11-09 912 $a991000433489707536 945 $aLE027 322.10 RAM01.01$g1$i2027000235902$lle027$o-$pE25.00$q-$rl$s- $t0$u0$v0$w0$x0$y.i15069072$z03-02-10 996 $aEuropa centro-orientale tra religione e politica$9228892 997 $aUNISALENTO 998 $ale027$b13-11-09$cm$da $e-$fita$git $h2$i0